000 00317nam a22001337a 4500
008 181023b xxu||||| |||| 00| 0 eng d
020 _a9780393968255
041 _aeng
080 _22nd
_a820
100 _a21
101 _aGJL
245 _aThe Norton Anthology Literature by Women
_cGilbert,S.M
942 _2udc
_cBK
999 _c50730
_d50730